[Event "EIRCC 2019"]
[Site "Tallinn"]
[Date "2019.12.05"]
[Round "5.32"]
[White "Papasimakopoulos, Alexandros"]
[Black "Promyshlyanskiy, Vitaliy"]
[Result "1-0"]
[WhiteElo "2399"]
[BlackElo "2211"]
[Annotator "NA"]
[PlyCount "185"]
[EventDate "2019.12.05"]
[EventType "swiss"]
[EventCountry "EST"]
[SourceTitle "playchess.com"]
[Source "ChessBase"]
[SourceQuality "1"]
[TimeControl "900+10"]

1. d4 {[%emt 0:00:00]} Nc6 {[%emt 0:00:00]} 2. Nf3 {[%emt 0:00:00]} d6 {[%emt 0:00:00]} 3. c4 {[%emt 0:00:00]} g6 {[%emt 0:00:00]} 4. d5 {[%emt 0:00:00]} Nb8 {[%emt 0:00:00]} 5. e4 {[%emt 0:00:00]} Bg7 {[%emt 0:00:00]} 6. Bd3 {[%emt 0:00:02]} Nd7 {[%emt 0:00:04]} 7. h3 {[%emt 0:00:05]} Nc5 {[%emt 0:00:03]} 8. Bc2 {[%emt 0:00:02]} e5 {[%emt 0:00:10]} 9. b4 {[%emt 0:00:27]} Na6 {[%emt 0:00:50]} 10. a3 {[%emt 0:00:05]} Ne7 {[%emt 0:00:43]} 11. Nc3 {[%emt 0:00:12]} O-O {[%emt 0:00:19]} 12. O-O {[%emt 0:00:16]} f5 {[%emt 0:00:40]} 13. Ng5 {[%emt 0:00:01]} f4 {[%emt 0:00:28]} 14. f3 {[%emt 0:00:21]} c5 {[%emt 0:01:47]} 15. Ne6 {[%emt 0:00:22]} Bxe6 {[%emt 0:00:05]} 16. dxe6 {[%emt 0:00:01]} cxb4 {[%emt 0:00:28]} 17. Nd5 {[%emt 0:00:01]} Nc7 {[%emt 0:00:16]} 18. Nxc7 {[%emt 0:00:42]} Qxc7 {[%emt 0:00:01]} 19. axb4 {[%emt 0:00:02]} Rfd8 {[%emt 0:03:26]} 20. Bb3 {[%emt 0:00:11]} Qb6+ {[%emt 0:00:19]} 21. Kh1 {[%emt 0:00:01]} Qxb4 {[%emt 0:00:01]} 22. Ba3 {[%emt 0:00:01]} Qb6 {[%emt 0:00:04]} 23. Rb1 {[%emt 0:00:34]} Qc7 {[%emt 0:00:29]} 24. Qd2 {[%emt 0:00:22]} Kh8 {[%emt 0:01:00]} 25. Rfd1 {[%emt 0:00:01]} Qc8 {[%emt 0:00:10]} 26. Bxd6 {[%emt 0:00:58]} Qxe6 {[%emt 0:00:24]} 27. c5 {[%emt 0:00:01]} Qc8 {[%emt 0:00:43]} 28. Qa2 {[%emt 0:00:04]} Bf6 {[%emt 0:00:58]} 29. Be6 {[%emt 0:00:55]} Qc6 {[%emt 0:00:04]} 30. Bd5 {[%emt 0:00:01]} Nxd5 {[%emt 0:00:04]} 31. exd5 {[%emt 0:00:01]} Qd7 {[%emt 0:00:17]} 32. Qb2 {[%emt 0:00:02]} b6 {[%emt 0:00:20]} 33. Bxe5 {[%emt 0:00:02]} Bxe5 {[%emt 0:00:07]} 34. Qxe5+ {[%emt 0:00:03]} Qg7 {[%emt 0:00:14]} 35. Qxf4 {[%emt 0:00:52]} bxc5 {[%emt 0:00:10]} 36. d6 {[%emt 0:00:06]} Rd7 {[%emt 0:00:57]} 37. Rd5 {[%emt 0:00:10]} Rc8 {[%emt 0:03:28]} 38. Qc4 {[%emt 0:00:16]} Qf6 {[%emt 0:00:25]} 39. Rbd1 {[%emt 0:00:01]} Qf7 {[%emt 0:00:41]} 40. Qa6 {[%emt 0:00:22]} Qf8 {[%emt 0:00:32]} 41. Qb5 {[%emt 0:00:15]} Qd8 {[%emt 0:00:39]} 42. Rxc5 {[%emt 0:00:10]} Rb8 {[%emt 0:00:09]} 43. Qd3 {[%emt 0:00:16]} Qf6 {[%emt 0:00:13]} 44. Rd5 {[%emt 0:01:05]} Rbd8 {[%emt 0:00:04]} 45. Qa3 {[%emt 0:00:19]} Kg7 {[%emt 0:00:07]} 46. Qc1 {[%emt 0:00:15]} Kh8 {[%emt 0:00:18]} 47. Qc4 {[%emt 0:00:46]} Kg7 {[%emt 0:00:05]} 48. Qa6 {[%emt 0:00:01]} Kh8 {[%emt 0:00:05]} 49. R5d4 {[%emt 0:00:02]} Kg8 {[%emt 0:00:23]} 50. f4 {[%emt 0:00:08]} Kh8 {[%emt 0:00:09]} 51. g3 {[%emt 0:00:06]} Kg8 {[%emt 0:00:01]} 52. h4 {[%emt 0:00:02]} h5 {[%emt 0:00:04]} 53. Rd5 {[%emt 0:00:19]} Kg7 {[%emt 0:00:05]} 54. R1d2 {[%emt 0:00:24]} Qe6 {[%emt 0:00:05]} 55. Kh2 {[%emt 0:00:03]} Rb8 {[%emt 0:00:13]} 56. Qd3 {[%emt 0:00:13]} Rf8 {[%emt 0:00:24]} 57. Re5 {[%emt 0:00:03]} Qf6 {[%emt 0:00:16]} 58. Qd5 {[%emt 0:00:05]} Rfd8 {[%emt 0:00:10]} 59. Re6 {[%emt 0:00:02]} Qf7 {[%emt 0:00:07]} 60. Qe5+ {[%emt 0:00:14]} Kh7 {[%emt 0:00:08]} 61. Rd5 {[%emt 0:00:26]} Rc8 {[%emt 0:00:25]} 62. f5 {[%emt 0:00:24]} gxf5 {[%emt 0:00:12]} 63. Qxf5+ {[%emt 0:00:02]} Qxf5 {[%emt 0:00:10]} 64. Rxf5 {[%emt 0:00:01]} Rc2+ {[%emt 0:00:01]} 65. Kh3 {[%emt 0:00:02]} Rc6 {[%emt 0:00:02]} 66. Rxh5+ {[%emt 0:00:02]} Kg7 {[%emt 0:00:01]} 67. Rhe5 {[%emt 0:00:09]} Rcxd6 {[%emt 0:00:29]} 68. Rxd6 {[%emt 0:00:02]} Rxd6 {[%emt 0:00:00]} 69. Re7+ {[%emt 0:00:02]} Kg6 {[%emt 0:00:03]} 70. Rxa7 {[%emt 0:00:02]} Rb6 {[%emt 0:00:02]} 71. Ra5 {[%emt 0:00:04]} Rc6 {[%emt 0:00:02]} 72. h5+ {[%emt 0:00:03]} Kh6 {[%emt 0:00:01]} 73. Kh4 {[%emt 0:00:01]} Rb6 {[%emt 0:00:15]} 74. g4 {[%emt 0:00:06]} Rb4 {[%emt 0:00:09]} 75. Ra6+ {[%emt 0:00:05]} Kg7 {[%emt 0:00:06]} 76. h6+ {[%emt 0:00:03]} Kh7 {[%emt 0:00:01]} 77. Kh5 {[%emt 0:00:02]} Rb1 {[%emt 0:00:05]} 78. Ra7+ {[%emt 0:00:03]} Kh8 {[%emt 0:00:02]} 79. g5 {[%emt 0:00:02]} Rb5 {[%emt 0:00:35]} 80. Re7 {[%emt 0:00:22]} Ra5 {[%emt 0:00:33]} 81. Kg6 {[%emt 0:00:36]} Ra6+ {[%emt 0:00:27]} 82. Kf5 {[%emt 0:00:28]} Ra5+ {[%emt 0:00:06]} 83. Re5 {[%emt 0:00:02]} Ra8 {[%emt 0:00:11]} 84. g6 {[%emt 0:00:03]} Rf8+ {[%emt 0:00:05]} 85. Ke6 {[%emt 0:00:04]} Re8+ {[%emt 0:00:08]} 86. Kd6 {[%emt 0:00:02]} Rg8 {[%emt 0:00:24]} 87. Re6 {[%emt 0:00:08]} Ra8 {[%emt 0:00:09]} 88. Kd7 {[%emt 0:00:29]} Ra7+ {[%emt 0:00:09]} 89. Kc8 {[%emt 0:00:06]} Ra8+ {[%emt 0:00:04]} 90. Kb7 {[%emt 0:00:05]} Rd8 {[%emt 0:00:03]} 91. Rc6 {[%emt 0:00:05]} Rd7+ {[%emt 0:00:27]} 92. Rc7 {[%emt 0:00:03]} Rd8 {[%emt 0:00:10]} 93. Rc8 {[%emt 0:00:01]} 1-0

[Event "EIRCC 2019"]
[Site "Tallinn"]
[Date "2019.12.05"]
[Round "5.33"]
[White "Kourousis, Epaminondas"]
[Black "Brendel, Oliver"]
[Result "1/2-1/2"]
[WhiteElo "2392"]
[BlackElo "2203"]
[Annotator "NA"]
[PlyCount "31"]
[EventDate "2019.12.05"]
[EventType "swiss"]
[EventCountry "EST"]
[SourceTitle "playchess.com"]
[Source "ChessBase"]
[SourceQuality "1"]
[TimeControl "900+10"]

1. d4 {[%emt 0:00:12]} Nf6 {[%emt 0:00:00]} 2. Nf3 {[%emt 0:00:04]} g6 {[%emt 0:00:00]} 3. Nbd2 {[%emt 0:00:01]} Bg7 {[%emt 0:00:02]} 4. e4 {[%emt 0:00:02]} d5 {[%emt 0:00:03]} 5. e5 {[%emt 0:00:40]} Nfd7 {[%emt 0:00:16]} 6. c3 {[%emt 0:01:13]} c5 {[%emt 0:00:05]} 7. Bd3 {[%emt 0:00:10]} Nc6 {[%emt 0:00:08]} 8. O-O {[%emt 0:00:11]} Qb6 9. Qa4 {[%emt 0:05:42]} O-O {[%emt 0:01:31]} 10. Re1 {[%emt 0:00:11]} cxd4 {[%emt 0:00:43]} 11. cxd4 {[%emt 0:00:11]} Qb4 {[%emt 0:00:32]} 12. Qxb4 {[%emt 0:00:20]} Nxb4 {[%emt 0:00:01]} 13. Bb1 {[%emt 0:00:08]} Nb6 {[%emt 0:01:14]} 14. a3 {[%emt 0:00:23]} Nc6 {[%emt 0:00:02]} 15. b3 {[%emt 0:02:40]} Bd7 {[%emt 0:02:43]} 16. Bd3 {[%emt 0:01:28]} 1/2-1/2

[Event "EIRCC 2019"]
[Site "Tallinn"]
[Date "2019.12.05"]
[Round "5.34"]
[White "Chibukhchyan, Erik"]
[Black "Sipila, Vilka"]
[Result "1-0"]
[WhiteElo "2211"]
[BlackElo "2380"]
[Annotator "NA"]
[PlyCount "81"]
[EventDate "2019.12.05"]
[EventType "swiss"]
[EventCountry "EST"]
[SourceTitle "playchess.com"]
[Source "ChessBase"]
[SourceQuality "1"]
[TimeControl "900+10"]

1. e4 {[%emt 0:00:00]} c5 {[%emt 0:04:44]} 2. Nf3 {[%emt 0:00:00]} e6 {[%emt 0:00:02]} 3. d4 {[%emt 0:00:00]} cxd4 {[%emt 0:00:01]} 4. Nxd4 {[%emt 0:00:00]} Nc6 {[%emt 0:00:01]} 5. Nb5 {[%emt 0:00:00]} d6 {[%emt 0:00:09]} 6. c4 {[%emt 0:00:06]} Nf6 {[%emt 0:00:07]} 7. N1c3 {[%emt 0:00:02]} a6 {[%emt 0:00:10]} 8. Nd4 {[%emt 0:00:56]} Qa5 {[%emt 0:00:13]} 9. Nb3 {[%emt 0:00:41]} Qc7 {[%emt 0:00:02]} 10. Be3 {[%emt 0:00:11]} Be7 {[%emt 0:00:22]} 11. Rc1 {[%emt 0:00:02]} O-O {[%emt 0:00:09]} 12. Be2 {[%emt 0:00:08]} Na5 {[%emt 0:00:18]} 13. O-O {[%emt 0:00:42]} Bd7 {[%emt 0:00:06]} 14. f3 {[%emt 0:00:44]} Nxb3 {[%emt 0:00:04]} 15. Qxb3 {[%emt 0:00:05]} Bc6 {[%emt 0:00:17]} 16. Nd5 {[%emt 0:00:54]} exd5 {[%emt 0:00:18]} 17. cxd5 {[%emt 0:00:02]} Nd7 {[%emt 0:00:45]} 18. dxc6 {[%emt 0:00:04]} bxc6 {[%emt 0:00:01]} 19. Qc2 {[%emt 0:00:32]} c5 {[%emt 0:00:01]} 20. b4 {[%emt 0:01:25]} Rfc8 {[%emt 0:00:02]} 21. Qd2 {[%emt 0:00:24]} Qb6 {[%emt 0:00:29]} 22. bxc5 {[%emt 0:00:16]} Nxc5 {[%emt 0:00:01]} 23. Bc4 {[%emt 0:00:12]} Qd8 {[%emt 0:00:26]} 24. Rfd1 {[%emt 0:00:12]} Qe8 {[%emt 0:00:10]} 25. Kh1 {[%emt 0:00:26]} h6 {[%emt 0:00:06]} 26. Bf4 {[%emt 0:00:35]} Rd8 {[%emt 0:00:35]} 27. Bd5 {[%emt 0:02:19]} Rac8 {[%emt 0:00:01]} 28. Be3 {[%emt 0:00:13]} Bf6 {[%emt 0:00:38]} 29. Qa5 {[%emt 0:01:02]} Na4 {[%emt 0:00:34]} 30. Bb7 {[%emt 0:01:32]} Rc3 {[%emt 0:04:42]} 31. Bf4 {[%emt 0:01:44]} Nb2 {[%emt 0:00:22]} 32. Rf1 {[%emt 0:01:36]} Rxc1 {[%emt 0:02:04]} 33. Bxc1 {[%emt 0:00:03]} Nd3 {[%emt 0:00:04]} 34. Be3 {[%emt 0:00:58]} Rb8 {[%emt 0:00:11]} 35. Bd5 {[%emt 0:01:01]} Nb4 {[%emt 0:00:48]} 36. Bb3 {[%emt 0:00:06]} d5 {[%emt 0:01:10]} 37. a3 {[%emt 0:00:50]} Rb5 {[%emt 0:00:25]} 38. Qa4 {[%emt 0:00:23]} d4 {[%emt 0:00:04]} 39. Bd2 {[%emt 0:00:16]} Nd3 {[%emt 0:00:03]} 40. Bc4 {[%emt 0:00:17]} Rb2 {[%emt 0:00:01]} 41. Qxe8+ {[%emt 0:00:04]} 1-0

[Event "EIRCC 2019"]
[Site "Tallinn"]
[Date "2019.12.05"]
[Round "5.35"]
[White "Frischmann, Rick"]
[Black "Lehiste, Margus"]
[Result "1-0"]
[WhiteElo "2375"]
[BlackElo "2177"]
[Annotator "NA"]
[PlyCount "79"]
[EventDate "2019.12.05"]
[EventType "swiss"]
[EventCountry "EST"]
[SourceTitle "playchess.com"]
[Source "ChessBase"]
[SourceQuality "1"]
[TimeControl "900+10"]

1. e4 {[%emt 0:00:00]} e5 {[%emt 0:00:00]} 2. Nf3 {[%emt 0:00:00]} Nf6 {[%emt 0:00:00]} 3. Nxe5 {[%emt 0:00:00]} d6 {[%emt 0:00:00]} 4. Nf3 {[%emt 0:00:02]} Nxe4 {[%emt 0:00:00]} 5. Nc3 {[%emt 0:00:01]} Nxc3 {[%emt 0:00:10]} 6. dxc3 {[%emt 0:00:02]} Be7 {[%emt 0:00:46]} 7. Be3 {[%emt 0:00:02]} Nc6 {[%emt 0:00:48]} 8. Qd2 {[%emt 0:00:03]} a6 {[%emt 0:00:16]} 9. O-O-O {[%emt 0:00:06]} Be6 {[%emt 0:00:05]} 10. Kb1 {[%emt 0:00:08]} Qd7 {[%emt 0:00:09]} 11. Ng5 {[%emt 0:00:19]} Bxg5 {[%emt 0:00:56]} 12. Bxg5 {[%emt 0:00:02]} f6 {[%emt 0:00:07]} 13. Bf4 {[%emt 0:00:09]} O-O-O {[%emt 0:00:06]} 14. h4 {[%emt 0:00:03]} g6 {[%emt 0:00:50]} 15. c4 {[%emt 0:00:22]} Qf7 {[%emt 0:00:08]} 16. b3 {[%emt 0:00:03]} d5 {[%emt 0:00:05]} 17. cxd5 {[%emt 0:00:10]} Rxd5 {[%emt 0:00:10]} 18. Bd3 {[%emt 0:00:33]} Ne5 {[%emt 0:02:30]} 19. Bxe5 {[%emt 0:00:09]} Rxe5 {[%emt 0:00:09]} 20. f4 {[%emt 0:00:18]} Rd5 {[%emt 0:00:23]} 21. Qe3 {[%emt 0:01:21]} Kb8 {[%emt 0:00:19]} 22. Rde1 {[%emt 0:00:02]} Rd6 {[%emt 0:01:17]} 23. h5 {[%emt 0:00:19]} Rhd8 {[%emt 0:00:26]} 24. hxg6 {[%emt 0:00:15]} hxg6 {[%emt 0:00:01]} 25. Kb2 {[%emt 0:01:49]} a5 {[%emt 0:03:17]} 26. Qg3 {[%emt 0:00:26]} f5 {[%emt 0:01:06]} 27. Rh6 {[%emt 0:00:17]} Bd5 {[%emt 0:00:16]} 28. Qg5 {[%emt 0:03:30]} a4 {[%emt 0:01:36]} 29. Re7 {[%emt 0:00:11]} Qg8 {[%emt 0:00:07]} 30. Rhh7 {[%emt 0:06:52]} Bxb3 {[%emt 0:03:19]} 31. axb3 {[%emt 0:00:38]} Rxd3 {[%emt 0:00:03]} 32. Ref7 {[%emt 0:00:40]} Rd2 {[%emt 0:00:15]} 33. Qe7 {[%emt 0:00:10]} R2d7 {[%emt 0:00:29]} 34. Qxd7 {[%emt 0:00:38]} Rxd7 {[%emt 0:00:01]} 35. Rxd7 {[%emt 0:00:01]} axb3 {[%emt 0:00:08]} 36. Rxc7 {[%emt 0:00:02]} bxc2 {[%emt 0:00:01]} 37. Rxb7+ {[%emt 0:00:02]} Ka8 {[%emt 0:00:01]} 38. Ra7+ {[%emt 0:00:01]} Kb8 {[%emt 0:00:01]} 39. Rhb7+ {[%emt 0:00:04]} Kc8 {[%emt 0:00:01]} 40. Ra8+ {[%emt 0:00:01]} 1-0

[Event "EIRCC 2019"]
[Site "Tallinn"]
[Date "2019.12.05"]
[Round "5.36"]
[White "Lazavik, Denis"]
[Black "Krutti, Valer"]
[Result "1/2-1/2"]
[WhiteElo "2201"]
[BlackElo "2370"]
[Annotator "NA"]
[PlyCount "63"]
[EventDate "2019.12.05"]
[EventType "swiss"]
[EventCountry "EST"]
[SourceTitle "playchess.com"]
[Source "ChessBase"]
[SourceQuality "1"]
[TimeControl "900+10"]

1. d4 {[%emt 0:00:00]} Nf6 {[%emt 0:00:00]} 2. c4 {[%emt 0:00:00]} c6 {[%emt 0:00:00]} 3. Nf3 {[%emt 0:00:05]} d5 {[%emt 0:00:00]} 4. Qc2 {[%emt 0:00:06]} dxc4 {[%emt 0:00:02]} 5. Qxc4 {[%emt 0:00:04]} Bf5 {[%emt 0:00:02]} 6. g3 {[%emt 0:00:05]} e6 {[%emt 0:00:02]} 7. Bg2 {[%emt 0:00:04]} Nbd7 {[%emt 0:00:02]} 8. O-O {[%emt 0:00:06]} Be7 {[%emt 0:00:02]} 9. Nc3 {[%emt 0:00:06]} O-O {[%emt 0:00:02]} 10. Re1 {[%emt 0:00:07]} Bg6 {[%emt 0:00:08]} 11. Bg5 {[%emt 0:01:41]} h6 {[%emt 0:00:29]} 12. Bxf6 {[%emt 0:00:06]} Bxf6 {[%emt 0:00:06]} 13. Rad1 {[%emt 0:01:15]} Qb6 {[%emt 0:00:23]} 14. Na4 {[%emt 0:00:39]} Qa5 {[%emt 0:00:10]} 15. Qb3 {[%emt 0:00:03]} Rab8 {[%emt 0:00:59]} 16. e4 {[%emt 0:02:09]} Rfd8 {[%emt 0:01:43]} 17. Nc3 {[%emt 0:01:08]} b5 {[%emt 0:01:17]} 18. e5 {[%emt 0:01:17]} Be7 {[%emt 0:00:03]} 19. Ne4 {[%emt 0:00:21]} c5 {[%emt 0:00:54]} 20. Nxc5 {[%emt 0:03:36]} Nxc5 {[%emt 0:02:59]} 21. dxc5 {[%emt 0:00:04]} Bxc5 {[%emt 0:00:03]} 22. a3 {[%emt 0:01:56]} Qb6 {[%emt 0:00:20]} 23. Re2 {[%emt 0:00:03]} Rxd1+ {[%emt 0:02:08]} 24. Qxd1 {[%emt 0:00:04]} Rd8 {[%emt 0:00:01]} 25. Qc1 {[%emt 0:00:23]} a5 {[%emt 0:01:12]} 26. Rd2 {[%emt 0:01:02]} Rxd2 {[%emt 0:01:31]} 27. Qxd2 {[%emt 0:00:02]} Be4 {[%emt 0:00:09]} 28. Nh4 {[%emt 0:01:20]} Bb1 {[%emt 0:01:24]} 29. Qe1 {[%emt 0:00:21]} Bc2 {[%emt 0:00:12]} 30. Qd2 {[%emt 0:00:05]} Bb1 {[%emt 0:00:04]} 31. Qe1 {[%emt 0:00:01]} Bc2 {[%emt 0:00:04]} 32. Qd2 {[%emt 0:00:02]} 1/2-1/2

[Event "EIRCC 2019"]
[Site "Tallinn"]
[Date "2019.12.05"]
[Round "6.1"]
[White "Esipenko, Andrey"]
[Black "Riazantsev, Alexander"]
[Result "1/2-1/2"]
[WhiteElo "2590"]
[BlackElo "2594"]
[Annotator "ChessBase"]
[PlyCount "172"]
[EventDate "2019.12.05"]
[EventType "swiss"]
[EventCountry "EST"]
[SourceTitle "playchess.com"]
[Source "ChessBase"]
[SourceQuality "1"]
[TimeControl "900+10"]

1. d4 {[%emt 0:01:13]} d5 {[%emt 0:00:00]} 2. c4 {[%emt 0:00:02]} e6 {[%emt 0:00:00]} 3. Nf3 {[%emt 0:00:02]} Nf6 {[%emt 0:00:00]} 4. g3 {[%emt 0:00:02]} Bb4+ {[%emt 0:00:00]} 5. Bd2 {[%emt 0:00:02]} a5 {[%emt 0:00:00]} 6. Bg2 {[%emt 0:00:17]} O-O {[%emt 0:00:00]} 7. Qc2 {[%emt 0:00:13]} c5 {[%emt 0:00:00]} 8. cxd5 {[%emt 0:00:02]} cxd4 {[%emt 0:00:02]} 9. Nxd4 {[%emt 0:00:01]} Qb6 {[%emt 0:00:11]} 10. e3 {[%emt 0:00:01]} exd5 {[%emt 0:00:07]} 11. O-O {[%emt 0:00:10]} Nc6 {[%emt 0:00:14]} 12. Nxc6 {[%emt 0:00:02]} bxc6 {[%emt 0:00:03]} 13. Rc1 {[%emt 0:00:03]} Be6 {[%emt 0:00:25]} 14. Nc3 {[%emt 0:03:57]} c5 {[%emt 0:00:17]} 15. Na4 {[%emt 0:00:54]} Qa7 {[%emt 0:00:01]} 16. Bc3 {[%emt 0:01:14]} Bxc3 {[%emt 0:03:49]} 17. Qxc3 {[%emt 0:00:05]} Rac8 {[%emt 0:00:26]} 18. Qa3 {[%emt 0:00:25]} c4 {[%emt 0:00:42]} 19. Rd1 {[%emt 0:00:28]} h5 {[%emt 0:01:08]} 20. Rd4 {[%emt 0:00:11]} Rfd8 {[%emt 0:02:03]} 21. Rad1 {[%emt 0:00:12]} Rd7 {[%emt 0:00:01]} 22. Nc3 {[%emt 0:01:20]} Rcd8 {[%emt 0:00:43]} 23. Qa4 {[%emt 0:00:12]} Qb6 {[%emt 0:00:05]} 24. Qc2 {[%emt 0:00:08]} Qc5 {[%emt 0:01:02]} 25. R1d2 {[%emt 0:02:01]} g6 {[%emt 0:00:01]} 26. Qd1 {[%emt 0:00:16]} Kg7 {[%emt 0:00:00]} 27. h3 {[%emt 0:00:24]} Qc7 {[%emt 0:01:22]} 28. Nxd5 {[%emt 0:02:12]} Nxd5 {[%emt 0:02:43]} 29. Bxd5 {[%emt 0:00:02]} Bxh3 {[%emt 0:00:01]} 30. Qc2 {[%emt 0:01:17]} Qe5 {[%emt 0:01:26]} 31. Qc3 {[%emt 0:00:27]} Rc8 {[%emt 0:02:48]} 32. Bxc4 {[%emt 0:00:41]} Rdc7 {[%emt 0:00:19]} 33. b3 {[%emt 0:00:32]} Be6 {[%emt 0:00:02]} 34. Qd3 {[%emt 0:00:05]} Bxc4 {[%emt 0:00:06]} 35. bxc4 {[%emt 0:00:02]} Rc5 {[%emt 0:00:11]} 36. Rd5 {[%emt 0:00:43]} Qa1+ {[%emt 0:00:26]} 37. Rd1 {[%emt 0:00:02]} Qb2 {[%emt 0:00:10]} 38. Qb3 {[%emt 0:00:05]} Qf6 {[%emt 0:00:06]} 39. Rxc5 {[%emt 0:00:05]} Rxc5 {[%emt 0:00:01]} 40. Rd5 {[%emt 0:00:03]} Rc7 {[%emt 0:00:26]} 41. Qd3 {[%emt 0:00:59]} h4 {[%emt 0:00:07]} 42. gxh4 {[%emt 0:00:04]} Qxh4 {[%emt 0:00:01]} 43. Qd4+ {[%emt 0:00:20]} Qxd4 {[%emt 0:00:02]} 44. Rxd4 {[%emt 0:00:01]} Rb7 {[%emt 0:00:19]} 45. Rd5 {[%emt 0:00:06]} Rb1+ {[%emt 0:00:02]} 46. Kg2 {[%emt 0:00:02]} Rc1 {[%emt 0:00:01]} 47. Rxa5 {[%emt 0:00:11]} Rxc4 {[%emt 0:00:01]} 48. a4 {[%emt 0:00:06]} Rc2 {[%emt 0:00:28]} 49. e4 {[%emt 0:00:14]} Ra2 {[%emt 0:00:11]} 50. Kg3 {[%emt 0:00:05]} Ra3+ {[%emt 0:00:13]} 51. f3 {[%emt 0:00:01]} Kf6 {[%emt 0:00:10]} 52. Ra8 {[%emt 0:00:04]} Kg5 {[%emt 0:00:09]} 53. a5 {[%emt 0:00:17]} Kf6 {[%emt 0:00:20]} 54. a6 {[%emt 0:00:02]} Ra4 {[%emt 0:00:05]} 55. Kf4 {[%emt 0:00:20]} Ra3 {[%emt 0:00:02]} 56. a7 {[%emt 0:00:33]} Ra4 {[%emt 0:00:22]} 57. Ke3 {[%emt 0:00:02]} Kg7 {[%emt 0:00:09]} 58. Kd3 {[%emt 0:00:03]} Ra3+ {[%emt 0:00:08]} 59. Kc4 {[%emt 0:00:01]} Ra1 {[%emt 0:00:01]} 60. Kd5 {[%emt 0:00:03]} Rd1+ {[%emt 0:00:11]} 61. Kc6 {[%emt 0:00:03]} Rc1+ {[%emt 0:00:01]} 62. Kd7 {[%emt 0:00:03]} Rd1+ {[%emt 0:00:13]} 63. Ke7 {[%emt 0:00:19]} Ra1 {[%emt 0:00:01]} 64. f4 {[%emt 0:00:07]} Ra4 {[%emt 0:00:03]} 65. Kd6 {[%emt 0:00:19]} Ra6+ {[%emt 0:00:19]} 66. Kc5 {[%emt 0:00:09]} Ra1 {[%emt 0:00:02]} 67. Kd5 {[%emt 0:00:06]} Rd1+ {[%emt 0:00:10]} 68. Ke5 {[%emt 0:00:13]} Ra1 {[%emt 0:00:03]} 69. Kd4 {[%emt 0:00:23]} Rd1+ {[%emt 0:00:03]} 70. Ke3 {[%emt 0:00:02]} Ra1 {[%emt 0:00:02]} 71. Kf3 {[%emt 0:00:02]} Ra3+ {[%emt 0:00:06]} 72. Kg4 {[%emt 0:00:02]} Ra5 {[%emt 0:00:30]} 73. Kf3 {[%emt 0:00:47]} Ra3+ {[%emt 0:00:02]} 74. Ke2 {[%emt 0:00:01]} Ra2+ {[%emt 0:00:03]} 75. Kd3 {[%emt 0:00:01]} Ra1 {[%emt 0:00:03]} 76. Kd4 {[%emt 0:00:01]} Ra5 {[%emt 0:00:16]} 77. Kc4 {[%emt 0:00:03]} Ra1 {[%emt 0:00:05]} 78. Kd5 {[%emt 0:00:02]} Ra6 {[%emt 0:00:13]} 79. Kc5 {[%emt 0:00:05]} Ra1 {[%emt 0:00:04]} 80. Kd6 {[%emt 0:00:01]} Ra6+ {[%emt 0:00:17]} 81. Ke7 {[%emt 0:00:05]} Ra4 {[%emt 0:00:01]} 82. e5 {[%emt 0:00:13]} Ra6 {[%emt 0:00:23]} 83. Kd7 {[%emt 0:00:09]} Ra1 {[%emt 0:00:07]} 84. e6 {[%emt 0:00:27]} fxe6 {[%emt 0:00:03]} 85. Kxe6 {[%emt 0:00:02]} Re1+ {[%emt 0:00:07]} 86. Kd5 {[%emt 0:00:01]} Ra1 {[%emt 0:00:02]} 1/2-1/2

[Event "EIRCC 2019"]
[Site "Tallinn"]
[Date "2019.12.05"]
[Round "6.2"]
[White "Sargissian, Gabriel"]
[Black "Yuffa, Daniil"]
[Result "1/2-1/2"]
[WhiteElo "2715"]
[BlackElo "2587"]
[Annotator "TA"]
[PlyCount "93"]
[EventDate "2019.12.05"]
[EventType "swiss"]
[EventCountry "EST"]
[SourceTitle "playchess.com"]
[Source "ChessBase"]
[SourceQuality "1"]

{[%evp 21,93,10,12,13,29,23,26,14,17,23,14,19,30,30,30,27,37,31,101,113,106,111,145,11,7,16,31,10,11,0,4,3,8,8,28,34,34,14,53,45,39,0,0,0,0,0,0,0,0,0,0,0,0,0,59,0,0,0,0,0,0,0,0,0,0,0,0,0,0,0,0,0,0,0]} 1. d4 Nf6 2. c4 g6 3. Nc3 Bg7 4. e4 d6 5. Nf3 O-O 6. Be2 e5 7. O-O Nc6 8. d5 Ne7 9. Bg5 h6 10. Bxf6 Bxf6 11. b4 a5 12. a3 {[%cal Ba2a3,Ba3b4,Bb4b5][%mdl 32] E97: King's Indian: Classical Main Line (6...e5 7 0-0 Nc6): 8 Be3 and 8 d5 Ne7, not 9 Ne1} c6 (12... Bg7 13. c5 f5 14. Bd3 Kh8 15. Rc1 axb4 16. axb4 Bd7 17. Nd2 f4 18. Nb5 Rf6 19. Qb3 g5 20. cxd6 cxd6 {1-0 (39) Erdos,V (2614)-Mamedov,R (2689) Minsk 2017}) 13. dxc6 Nxc6 $146 ({Predecessor:} 13... bxc6 14. Qd2 Bg7 15. Rad1 axb4 16. axb4 Ra3 17. Qb2 Ra8 18. Qd2 Ra3 19. Ra1 Rxa1 20. Rxa1 {1-0 (31) Brynell,S (2496)-White,K (2069) Gausdal 2005}) 14. Nd5 {White has an edge.} axb4 15. axb4 Rxa1 16. Qxa1 Be6 17. Nxf6+ Qxf6 18. b5 Nb8 19. Rd1 Bg4 (19... Qe7 $14) 20. Qa7 $16 Qe7 21. Qb6 Rc8 22. Qxd6 (22. Rxd6 $16 Kg7 23. h3 Bxf3 24. gxf3) 22... Qxd6 $11 23. Rxd6 {h3 is the strong threat.} Nd7 24. Nd2 Be6 $1 25. Nf1 Kf8 26. Ne3 Ke7 27. Rd1 Nb6 {[%cal Rb6c4]} 28. Rc1 Kd6 29. h4 h5 30. g3 Kc5 31. f4 (31. Nd5 $5) 31... exf4 32. gxf4 Kd4 {[%mdl 64] [#] Double Attack} 33. Kf2 Kxe4 34. f5 gxf5 35. Bf3+ Ke5 36. Bxb7 Rc5 37. Re1 {Threatening Nd5+.} Kf6 ({Better is} 37... Kd6 $11) 38. Bf3 (38. Bc6 $1 $14) 38... f4 {The position is equal.} 39. Nd5+ Bxd5 40. Bxd5 Nxd5 41. cxd5 {White wants to play Rb1.} Rxb5 {[%mdl 4096] Endgame KR-KR} 42. Rd1 Ke7 43. d6+ Kd7 44. Kf3 Rf5 45. Rd2 Rf6 46. Rd5 Rxd6 47. Rxh5 {Accuracy: White = 62%, Black = 69%.} 1/2-1/2